[Event "Monarch Assurance Isle of Man 16th"]
[Site "Port Erin"]
[Date "2007.09.24"]
[Round "3.42"]
[White "Johnson, Paul A"]
[Black "Palliser, Richard"]
[Result "0-1"]
[WhiteElo "1820"]
[BlackElo "2417"]
[PlyCount "54"]
[EventDate "2007.09.22"]
[EventType "swiss"]
[EventRounds "9"]
[EventCountry "IOM"]

1. d4 Nf6 2. Nf3 e6 3. e3 c5 4. Bd3 b6 5. Qe2 Bb7 6. Nbd2 cxd4 7. exd4 Nd5 8.
Nf1 Qc7 9. c3 Nxc3 10. Qc2 Nd5 11. Bxh7 Rxh7 12. Qxh7 Nb4 13. Ne3 Ba6 14. Bd2
N8c6 15. a3 Nd3+ 16. Kf1 Nde5+ 17. Ke1 Nxf3+ 18. gxf3 Nxd4 19. Rc1 Qf4 20. Qh3
Nxf3+ 21. Kd1 Nxd2 22. Kxd2 Qxf2+ 23. Kc3 Bc5 24. Rce1 Bd4+ 25. Kxd4 Qf4+ 26.
Kc3 Rc8+ 27. Kb3 Bc4+ 0-1

[Event "Monarch Assurance Isle of Man 16th"]
[Site "Port Erin"]
[Date "2007.09.24"]
[Round "3.43"]
[White "Nelson, Jonathan P"]
[Black "Nicholson, John"]
[Result "1-0"]
[WhiteElo "2282"]
[BlackElo "1910"]
[PlyCount "43"]
[EventDate "2007.09.22"]
[EventType "swiss"]
[EventRounds "9"]
[EventCountry "IOM"]

1. c4 e5 2. g3 Nf6 3. Bg2 Nc6 4. Nc3 Bb4 5. Nd5 O-O 6. Nxb4 Nxb4 7. d3 Re8 8.
Nf3 d5 9. a3 Nc6 10. cxd5 Nxd5 11. O-O Bg4 12. Re1 Qd7 13. Bd2 a5 14. Rc1 Kh8
15. Qb3 Ra6 16. Ng5 Be6 17. Nxe6 fxe6 18. e3 Nce7 19. Qd1 Qb5 20. Bc3 Nxc3 21.
Rxc3 c6 22. Rb3 1-0

[Event "Monarch Assurance Isle of Man 16th"]
[Site "Port Erin"]
[Date "2007.09.25"]
[Round "4.3"]
[White "Kotronias, Vasilios"]
[Black "Kritz, Leonid"]
[Result "1/2-1/2"]
[WhiteElo "2602"]
[BlackElo "2571"]
[PlyCount "145"]
[EventDate "2007.09.22"]
[EventType "swiss"]
[EventRounds "9"]
[EventCountry "IOM"]

1. e4 e5 2. Nf3 Nc6 3. Bb5 Nf6 4. O-O Nxe4 5. d4 Nd6 6. Bxc6 dxc6 7. dxe5 Nf5
8. Qxd8+ Kxd8 9. Nc3 Ke8 10. h3 Be7 11. g4 Nh4 12. Nxh4 Bxh4 13. Kg2 h5 14. f3
a5 15. a4 b6 16. Rd1 Be7 17. Ne2 Bd7 18. Bf4 c5 19. Bg3 Rd8 20. c4 Bc8 21. b3
Rxd1 22. Rxd1 hxg4 23. hxg4 Bd8 24. Nf4 Rh7 25. Re1 Rh6 26. Nh5 Rh7 27. Rh1 Kf8
28. Rd1 Ke8 29. Bf4 Bf5 30. Rd2 Bd7 31. Be3 Bc8 32. Kg3 Be7 33. Nf4 Bh4+ 34.
Kg2 Bd8 35. Nh3 f6 36. exf6 gxf6 37. Bf4 Bb7 38. Rd3 Rg7 39. Kg3 Bc8 40. Rd5
Be6 41. Rh5 Bf7 42. Rh8+ Rg8 43. Rxg8+ Bxg8 44. Nf2 Bh7 45. Ne4 f5 46. gxf5
Bxf5 47. Kf2 Kd7 48. Ke3 Be7 49. Be5 Bd8 50. Kd2 Ke6 51. Bf4 Bg6 52. Nc3 Bh5
53. Ke2 Bg6 54. Ne4 Bf5 55. Kd2 Bg6 56. Ng3 Bh7 57. Nf1 Kf5 58. Bg3 Ke6 59. Kd1
Bg6 60. Ne3 Bh5 61. Ke2 Bg6 62. Bf4 Kd7 63. Be5 Ke6 64. Bh2 Kd7 65. Kd2 Bh5 66.
f4 Be7 67. Nd5 Bd8 68. Bg3 Bg6 69. Ne3 Ke6 70. Ke2 Be4 71. Kd2 Bg6 72. Ke2 Be4
73. Kd2 1/2-1/2

[Event "Monarch Assurance Isle of Man 16th"]
[Site "Port Erin"]
[Date "2007.09.25"]
[Round "4.4"]
[White "Malakhatko, Vadim"]
[Black "Sulskis, Sarunas"]
[Result "1/2-1/2"]
[WhiteElo "2596"]
[BlackElo "2537"]
[PlyCount "133"]
[EventDate "2007.09.22"]
[EventType "swiss"]
[EventRounds "9"]
[EventCountry "IOM"]

1. d4 Nf6 2. c4 e6 3. Nf3 Bb4+ 4. Nbd2 b6 5. a3 Bxd2+ 6. Qxd2 Bb7 7. e3 O-O 8.
Be2 d6 9. b4 Nbd7 10. Bb2 a5 11. O-O axb4 12. axb4 Qe7 13. Qc2 h6 14. Rfd1 Rfc8
15. Qb3 Rxa1 16. Rxa1 Qe8 17. Ra7 Ra8 18. Rxa8 Qxa8 19. Ne1 c5 20. f3 d5 21.
Kf2 cxd4 22. Bxd4 e5 23. Bb2 e4 24. f4 dxc4 25. Qxc4 Bd5 26. Qc3 Bb7 27. Nc2
Nf8 28. Na3 Ne6 29. Qe5 Qd8 30. f5 Nf8 31. Nc4 Bd5 32. Nd6 Qc7 33. h3 Qd8 34.
Nb5 Qc8 35. Nc3 Bb7 36. Na4 N8d7 37. Qd6 Qc2 38. Bxf6 Ba6 39. Nc3 Nxf6 40. b5
Bb7 41. Qxb6 Qxc3 42. Qxb7 Qc5 43. Qb8+ Kh7 44. Qf4 Qe7 45. Bc4 Qc5 46. Bxf7
Qxb5 47. Bg6+ Kh8 48. Qd6 Qb3 49. Qd8+ Qg8 50. Qc7 Qf8 51. Bf7 Nd5 52. Qd7 Nf6
53. Qb7 Qd8 54. Qb2 h5 55. Bg6 h4 56. Qe2 Qb8 57. Kg1 Kg8 58. Qd1 Kf8 59. Qe1
Qb6 60. Kh1 Ke7 61. Qc3 Qb1+ 62. Kh2 Qb8+ 63. Kg1 Qb1+ 64. Kf2 Qa2+ 65. Ke1
Qxg2 66. Qc5+ Kd7 67. Qb5+ 1/2-1/2

[Event "Monarch Assurance Isle of Man 16th"]
[Site "Port Erin"]
[Date "2007.09.25"]
[Round "4.5"]
[White "Heberla, Bartlomiej"]
[Black "Areshchenko, Alexander"]
[Result "1/2-1/2"]
[WhiteElo "2484"]
[BlackElo "2645"]
[PlyCount "116"]
[EventDate "2007.09.22"]
[EventType "swiss"]
[EventRounds "9"]
[EventCountry "IOM"]

1. e4 c5 2. Nf3 d6 3. d4 cxd4 4. Nxd4 Nf6 5. Nc3 a6 6. Be3 e5 7. Nb3 Be6 8. Be2
Be7 9. O-O Nbd7 10. a4 O-O 11. Qd2 Rc8 12. a5 Qc7 13. Rfd1 Rfe8 14. Bf3 h6 15.
Qe1 Bf8 16. Rd2 Bc4 17. Qd1 g6 18. Ra4 Be6 19. Ra1 Nh7 20. Nc1 Kh8 21. Nd3 f5
22. Nb4 Ndf6 23. Nbd5 Bxd5 24. Nxd5 Nxd5 25. Rxd5 Nf6 26. exf5 Nxd5 27. Bxd5
gxf5 28. c4 Qh7 29. Qh5 Re7 30. Re1 Rcc7 31. Bd2 Bg7 32. Bb4 Rcd7 33. c5 dxc5
34. Bxc5 Rxd5 35. Bxe7 f4 36. Rc1 Qd3 37. h3 Kh7 38. Qf7 f3 39. gxf3 Rxa5 40.
Bf8 Qg6+ 41. Qxg6+ Kxg6 42. Bxg7 Kxg7 43. Rc7+ Kg6 44. Rxb7 Kg5 45. Kg2 h5 46.
Rb4 h4 47. Rg4+ Kh5 48. f4 exf4 49. Rxf4 Rb5 50. b4 a5 51. bxa5 Rxa5 52. Rg4
Ra3 53. Re4 Kg5 54. Re5+ Kg6 55. Re3 Ra5 56. f4 Kf5 57. Kf3 Rb5 58. Re5+ Rxe5
1/2-1/2

[Event "Monarch Assurance Isle of Man 16th"]
[Site "Port Erin"]
[Date "2007.09.25"]
[Round "4.6"]
[White "Moiseenko, Alexander"]
[Black "Adly, Ahmed"]
[Result "1-0"]
[WhiteElo "2641"]
[BlackElo "2488"]
[PlyCount "123"]
[EventDate "2007.09.22"]
[EventType "swiss"]
[EventRounds "9"]
[EventCountry "IOM"]

1. d4 d5 2. c4 e6 3. Nc3 Nf6 4. cxd5 exd5 5. Bg5 c6 6. e3 Be7 7. Qc2 Nbd7 8.
Bd3 O-O 9. Nge2 Re8 10. O-O-O Nf8 11. h3 b5 12. Kb1 a5 13. g4 Be6 14. Ng3 N6d7
15. Bxe7 Qxe7 16. f4 Nb6 {(=)} 17. f5 Bd7 18. e4 Qh4 19. Qh2 b4 20. Nce2 dxe4
21. Nxe4 Bxf5 22. gxf5 Rxe4 23. Bxe4 Qxe4+ 24. Ka1 Qxf5 25. Rhf1 Qd7 26. Nf4
Re8 27. h4 Nc4 28. Rg1 Ne3 29. Rd3 f5 30. Qd2 Nd5 31. h5 Ne6 32. Nxe6 Rxe6 33.
Rdg3 f4 34. Rg5 Qe7 35. Qc1 h6 36. Rg6 Ne3 37. d5 {(=)} Nxd5 38. Qd1 a4 39.
Rxe6 Qxe6 40. Qxa4 f3 41. Qa8+ Kh7 42. Qf8 Qf6 {(=)} 43. Qxf6 Nxf6 44. Rf1 Nxh5
45. a4 bxa3 46. bxa3 g5 47. Rxf3 g4 48. Rb3 Nf6 49. a4 Ne4 50. Rb4 Nc5 51. Rxg4
h5 52. Rc4 Nxa4 53. Rxa4 Kg6 54. Kb2 Kg5 55. Kc3 h4 56. Kd3 h3 57. Ke3 h2 58.
Ra1 Kg4 59. Kf2 Kf4 60. Rh1 Ke4 61. Ke2 Kd4 62. Kd2 1-0

[Event "Monarch Assurance Isle of Man 16th"]
[Site "Port Erin"]
[Date "2007.09.25"]
[Round "4.7"]
[White "Smerdon, David"]
[Black "Kobalia, Mikhail"]
[Result "1/2-1/2"]
[WhiteElo "2461"]
[BlackElo "2634"]
[PlyCount "35"]
[EventDate "2007.09.22"]
[EventType "swiss"]
[EventRounds "9"]
[EventCountry "IOM"]

1. e4 e6 2. d4 d5 3. Nc3 Nf6 4. e5 Nfd7 5. f4 c5 6. Nf3 Nc6 7. Be3 a6 8. Qd2 b5
9. Be2 b4 10. Na4 cxd4 11. Nxd4 Nxd4 12. Bxd4 Qa5 13. b3 Nc5 14. a3 Nxa4 15.
bxa4 Qxa4 16. axb4 Qxb4 17. c3 Qb7 18. O-O 1/2-1/2

[Event "Monarch Assurance Isle of Man 16th"]
[Site "Port Erin"]
[Date "2007.09.25"]
[Round "4.9"]
[White "Efimenko, Zahar"]
[Black "Ferguson, Mark"]
[Result "1-0"]
[WhiteElo "2624"]
[BlackElo "2413"]
[PlyCount "81"]
[EventDate "2007.09.22"]
[EventType "swiss"]
[EventRounds "9"]
[EventCountry "IOM"]

1. e4 e5 2. Nf3 Nc6 3. Bc4 Nf6 4. d3 Bc5 5. c3 a6 6. Bb3 d6 7. h3 Ba7 8. O-O
O-O 9. Re1 Be6 10. Bc2 Re8 11. Nbd2 d5 12. Ng5 Qd7 13. Qe2 Ne7 14. Nxe6 fxe6
15. d4 Ng6 16. dxe5 Nxe5 17. Kh1 Qf7 18. Nf3 Nxf3 19. Qxf3 Qg6 20. Bf4 Rf8 21.
Qg3 Nxe4 22. Bxe4 dxe4 23. Qxg6 hxg6 24. Rxe4 e5 25. Bxe5 Rxf2 26. Bxc7 Rc8 27.
Re7 Bc5 28. Rd7 Rxb2 29. Be5 Bf8 30. Bd4 Re8 31. a4 Re7 32. Rd8 Rbe2 33. Rb8 b5
34. axb5 Re1+ 35. Rxe1 Rxe1+ 36. Kh2 axb5 37. Bc5 Rf1 38. h4 Rf5 39. Bb4 Rf1
40. Kg3 Rf7 41. Kg4 1-0

[Event "Monarch Assurance Isle of Man 16th"]
[Site "Port Erin"]
[Date "2007.09.25"]
[Round "4.10"]
[White "Collins, Sam IRL"]
[Black "Svetushkin, Dmitry"]
[Result "0-1"]
[WhiteElo "2405"]
[BlackElo "2618"]
[PlyCount "80"]
[EventDate "2007.09.22"]
[EventType "swiss"]
[EventRounds "9"]
[EventCountry "IOM"]

1. Nf3 d5 2. d4 Nf6 3. c4 c6 4. Nc3 a6 5. e3 e6 6. b3 Bb4 7. Bb2 Nbd7 8. Bd3
O-O 9. O-O Bd6 10. Qc2 b6 11. cxd5 cxd5 12. e4 dxe4 13. Nxe4 Be7 14. Neg5 g6
15. Rfc1 Bb7 16. Qc7 Bd5 17. Qg3 Re8 18. Qh3 Bd6 19. Bc3 Nh5 20. Rd1 Bxf3 21.
Nxf3 Nf4 22. Qh6 Nxd3 23. Rxd3 Nf6 24. Rad1 Bf8 25. Qh3 Nd5 26. Bd2 Rc8 27. Ng5
h6 28. Nf3 h5 29. Ng5 Bg7 30. Ne4 Rc2 31. Bg5 Qd7 32. Rg3 Rxa2 33. Rgd3 Rc8 34.
Qg3 Qc7 35. Qh4 Qc2 36. h3 Ra1 37. Rxa1 Qxd3 38. Nf6+ Nxf6 39. Bxf6 a5 40. Bxg7
Kxg7 0-1

[Event "Monarch Assurance Isle of Man 16th"]
[Site "Port Erin"]
[Date "2007.09.25"]
[Round "4.11"]
[White "Kolbus, Dietmar"]
[Black "Yakovich, Yuri"]
[Result "0-1"]
[WhiteElo "2384"]
[BlackElo "2597"]
[PlyCount "94"]
[EventDate "2007.09.22"]
[EventType "swiss"]
[EventRounds "9"]
[EventCountry "IOM"]

1. c4 e5 2. g3 Nf6 3. Bg2 d5 4. cxd5 Nxd5 5. Nf3 Nc6 6. O-O Nb6 7. d3 Be7 8. a3
Be6 9. Nbd2 a5 10. b3 O-O 11. Bb2 f6 12. Qc2 Qd7 13. Rfd1 Rfd8 14. Nc4 Bd5 15.
Nfd2 Bxg2 16. Kxg2 Nd4 17. Bxd4 exd4 18. Nxb6 cxb6 19. Qb2 b5 20. Rac1 Qd6 21.
Nb1 Ra6 22. Kg1 h5 23. Rc2 h4 24. Rdc1 h3 25. Rc8 Qd5 26. Rxd8+ Bxd8 27. f3 f5
28. Rc8 Rc6 29. Rxc6 bxc6 30. Nd2 Be7 31. Kf2 Qc5 32. Nb1 Bg5 33. b4 Be3+ 34.
Ke1 axb4 35. axb4 Qc1+ 36. Qxc1 Bxc1 37. Kd1 Be3 38. Nd2 Bf2 39. g4 Bg1 40. Ke1
Bxh2 41. Nb3 fxg4 42. fxg4 Bd6 43. Kf1 Bxb4 44. Nxd4 Bc5 45. Nxc6 b4 46. Na5
Be3 47. Nc4 b3 0-1

[Event "Monarch Assurance Isle of Man 16th"]
[Site "Port Erin"]
[Date "2007.09.25"]
[Round "4.13"]
[White "Welling, Gerard"]
[Black "Iordachescu, Viorel"]
[Result "0-1"]
[WhiteElo "2364"]
[BlackElo "2584"]
[PlyCount "54"]
[EventDate "2007.09.22"]
[EventType "swiss"]
[EventRounds "9"]
[EventCountry "IOM"]

1. f4 g6 2. Nf3 Bg7 3. g3 c6 4. Bg2 Qb6 5. Nc3 d5 6. e3 Bg4 7. O-O Nd7 8. d4 e6
9. a4 Ne7 10. a5 Qc7 11. Bd2 O-O 12. Be1 Nf5 13. Bf2 c5 14. h3 Bxf3 15. Bxf3
cxd4 16. exd4 Rac8 17. Qd3 Qc4 18. Rfd1 a6 19. Ra4 Qc6 20. Ra2 Nd6 21. Re1 Rfd8
22. Re2 Qc4 23. Rd2 Nb8 24. Be2 Qb4 25. Rd1 Nc4 26. Ra4 Qe7 27. Ra2 Nc6 0-1

[Event "Monarch Assurance Isle of Man 16th"]
[Site "Port Erin"]
[Date "2007.09.25"]
[Round "4.15"]
[White "Drozdovskij, Yuri"]
[Black "Troyke, Christian"]
[Result "1-0"]
[WhiteElo "2567"]
[BlackElo "2386"]
[PlyCount "89"]
[EventDate "2007.09.22"]
[EventType "swiss"]
[EventRounds "9"]
[EventCountry "IOM"]

1. d4 Nf6 2. c4 g6 3. Nc3 Bg7 4. Nf3 O-O 5. g3 d6 6. Bg2 Nbd7 7. O-O e5 8. e4
c6 9. h3 Ne8 10. Be3 f5 11. exf5 gxf5 12. dxe5 dxe5 13. Bg5 Bf6 14. Bxf6 Qxf6
15. Qe2 Ng7 16. Rad1 Re8 17. Qe3 e4 18. Nd4 Ne5 19. b3 Be6 20. f3 exf3 21. Nxf3
Bf7 22. Nxe5 Rxe5 23. Qd4 Qe7 24. Kh2 Re3 25. Rf3 Rxf3 26. Bxf3 Re8 27. Rd2 Qg5
28. Rf2 a6 29. Ne2 Ne6 30. Qb6 Re7 31. Bg2 Rd7 32. h4 Qh5 33. Qa7 Kg7 34. Qb8
Rd3 35. Qe5+ Kg8 36. Rxf5 Qh6 37. Qb8+ Kg7 38. Qxb7 Nd8 39. Qe7 Qd6 40. Rg5+
Kh8 41. Qxd6 Rxd6 42. Nf4 Rd2 43. Ra5 Ne6 44. Nxe6 Bxe6 45. Kg1 1-0

[Event "Monarch Assurance Isle of Man 16th"]
[Site "Port Erin"]
[Date "2007.09.25"]
[Round "4.16"]
[White "Prosviriakov, Vladimir"]
[Black "Georgiev, Vladimir"]
[Result "0-1"]
[WhiteElo "2319"]
[BlackElo "2567"]
[PlyCount "64"]
[EventDate "2007.09.22"]
[EventType "swiss"]
[EventRounds "9"]
[EventCountry "IOM"]

1. d4 Nf6 2. c4 e6 3. Nf3 d5 4. Nc3 c6 5. Bg5 h6 6. Bxf6 Qxf6 7. e3 Nd7 8. Bd3
dxc4 9. Bxc4 g6 10. e4 e5 11. O-O Bg7 12. d5 O-O 13. a4 Rd8 14. a5 Nf8 15. Qb3
Bg4 16. Ne1 cxd5 17. Nxd5 Qd6 18. Qxb7 Ne6 19. Ne3 Rac8 20. Qxa7 Rc7 21. Qb6
Rc6 22. Qb3 Nd4 23. Qa2 Rxc4 24. Nxc4 Qa6 25. Ne3 Be2 26. N1c2 Nxc2 27. Nxc2
Bxf1 28. Rxf1 Bf8 29. Ne3 Rd2 30. Nc4 Rc2 31. Nxe5 Qa7 32. Nxg6 Qxf2+ 0-1

[Event "Monarch Assurance Isle of Man 16th"]
[Site "Port Erin"]
[Date "2007.09.25"]
[Round "4.17"]
[White "Ashton, Adam"]
[Black "Hebden, Mark"]
[Result "0-1"]
[WhiteElo "2295"]
[BlackElo "2540"]
[PlyCount "96"]
[EventDate "2007.09.22"]
[EventType "swiss"]
[EventRounds "9"]
[EventCountry "IOM"]

1. e4 e5 2. Nf3 Nc6 3. Bb5 a6 4. Ba4 Nf6 5. O-O Be7 6. Re1 b5 7. Bb3 d6 8. c3
O-O 9. h3 Na5 10. Bc2 c5 11. d4 Qc7 12. Nbd2 cxd4 13. cxd4 Rd8 14. b3 Nc6 15.
Bb2 Bb7 16. d5 Nb4 17. Bb1 a5 18. a3 Na6 19. Bd3 Qb6 20. Qe2 Nc5 21. b4 Nxd3
22. Qxd3 axb4 23. axb4 Ra4 24. Rxa4 bxa4 25. Nc4 Ba6 26. Qc3 Qb5 27. Na5 Rc8
28. Nc6 Bf8 29. Qe3 Nxd5 30. exd5 Qxd5 31. Na5 Rc2 32. Ba1 f6 33. Rc1 Ra2 34.
Qa7 Be2 35. Qb7 Qxb7 36. Nxb7 d5 37. Nc5 d4 38. Ne1 a3 39. Ned3 Bxc5 40. Nxc5
d3 41. Nb3 d2 42. Nxd2 Rxd2 43. Bc3 Rd3 44. f3 a2 45. Ba1 Rb3 46. Kf2 Rb1 47.
Re1 Bc4 48. Bc3 Rb3 0-1

[Event "Monarch Assurance Isle of Man 16th"]
[Site "Port Erin"]
[Date "2007.09.25"]
[Round "4.18"]
[White "Tate, Alan"]
[Black "Wells, Peter K"]
[Result "0-1"]
[WhiteElo "2053"]
[BlackElo "2517"]
[PlyCount "42"]
[EventDate "2007.09.22"]
[EventType "swiss"]
[EventRounds "9"]
[EventCountry "IOM"]

1. e4 c6 2. d4 d5 3. e5 Bf5 4. Nf3 e6 5. Be2 Ne7 6. O-O c5 7. dxc5 Nec6 8. c4
d4 9. Bd3 Bxd3 10. Qxd3 Nd7 11. Qe4 Nxc5 12. Qg4 Nd3 13. Qe4 Nc5 14. Qg4 h5 15.
Qf4 g6 16. Qg3 Bg7 17. Rd1 h4 18. Qg5 Nxe5 19. Nxd4 Ned3 20. Nxe6 Nxe6 21. Qe3
Bh6 0-1

[Event "Monarch Assurance Isle of Man 16th"]
[Site "Port Erin"]
[Date "2007.09.25"]
[Round "4.19"]
[White "Abergel, Thal"]
[Black "Jackson, Oliver A"]
[Result "1-0"]
[WhiteElo "2512"]
[BlackElo "2198"]
[PlyCount "33"]
[EventDate "2007.09.22"]
[EventType "swiss"]
[EventRounds "9"]
[EventCountry "IOM"]

1. Nf3 d6 2. e4 Nf6 3. Nc3 c5 4. d4 cxd4 5. Nxd4 e6 6. g4 d5 7. exd5 Nxd5 8.
Bb5+ Bd7 9. Nxd5 exd5 10. Qe2+ Qe7 11. Be3 g6 12. Bxd7+ Nxd7 13. Nb5 Rc8 14.
Nxa7 Rc4 15. O-O-O Bg7 16. Rxd5 Nb6 17. Rd8+ 1-0

[Event "Monarch Assurance Isle of Man 16th"]
[Site "Port Erin"]
[Date "2007.09.25"]
[Round "4.21"]
[White "Kunin, Vitaly"]
[Black "Dworakowska, Joanna"]
[Result "1-0"]
[WhiteElo "2507"]
[BlackElo "2320"]
[PlyCount "77"]
[EventDate "2007.09.22"]
[EventType "swiss"]
[EventRounds "9"]
[EventCountry "IOM"]

1. d4 d5 2. c4 c6 3. e3 e6 4. Nc3 Bd6 5. Qc2 Nf6 6. Nf3 Nbd7 7. Bd3 O-O 8. O-O
a6 9. c5 Bc7 10. e4 e5 11. dxe5 Nxe5 12. Nxe5 Bxe5 13. exd5 cxd5 14. h3 Be6 15.
Ne2 Rc8 16. Be3 d4 17. Bf4 Qc7 18. Bxe5 Qxe5 19. b4 Rfe8 20. Rac1 Bd5 21. Ng3
Bc6 22. a4 g6 23. b5 axb5 24. axb5 Bd7 25. f4 Qe3+ 26. Kh2 Nd5 27. Be4 Nxf4 28.
Rf3 d3 29. Qb2 Rxe4 30. Rxe3 Rxe3 31. Qd4 Rce8 32. Qxd7 h5 33. c6 bxc6 34. bxc6
h4 35. Nf1 R3e7 36. Qxe7 Rxe7 37. c7 Re2 38. c8=Q+ Kh7 39. Qg4 1-0

[Event "Monarch Assurance Isle of Man 16th"]
[Site "Port Erin"]
[Date "2007.09.25"]
[Round "4.22"]
[White "Weisbuch, Udi"]
[Black "Haslinger, Stewart"]
[Result "1/2-1/2"]
[WhiteElo "2284"]
[BlackElo "2468"]
[PlyCount "87"]
[EventDate "2007.09.22"]
[EventType "swiss"]
[EventRounds "9"]
[EventCountry "IOM"]

1. e4 e5 2. Nf3 Nc6 3. Nc3 Nf6 4. g3 d5 5. exd5 Nd4 6. h3 Nxd5 7. Bg2 Nb4 8.
Nxd4 exd4 9. a3 dxc3 10. axb4 Bxb4 11. bxc3 Be7 12. O-O O-O 13. Ba3 Re8 14.
Bxe7 Rxe7 15. d3 c6 16. Qf3 Be6 17. c4 Qd4 18. Qe3 Qxe3 19. fxe3 a6 20. Kf2 f5
21. c5 Rd8 22. Rfb1 g5 23. Rb4 Rde8 24. d4 Bf7 25. Ra3 Kg7 26. c4 a5 27. Rxa5
Rxe3 28. Ra2 Kf6 29. d5 Rc3 30. Rxb7 cxd5 31. Ra6+ Kg7 32. Raa7 Rc2+ 33. Kg1
Re1+ 34. Bf1 Rcc1 35. Rxf7+ Kh6 36. Rxh7+ Kg6 37. Rag7+ Kf6 38. Rf7+ Kg6 39.
Rhg7+ Kh6 40. Rh7+ Kg6 41. cxd5 Rxf1+ 42. Kg2 Rfd1 43. Rhg7+ Kh6 44. Rh7+
1/2-1/2

[Event "Monarch Assurance Isle of Man 16th"]
[Site "Port Erin"]
[Date "2007.09.25"]
[Round "4.23"]
[White "Phillips, Roy"]
[Black "Cox, John J"]
[Result "0-1"]
[WhiteElo "2271"]
[BlackElo "2381"]
[PlyCount "90"]
[EventDate "2007.09.22"]
[EventType "swiss"]
[EventRounds "9"]
[EventCountry "IOM"]

1. e4 e5 2. Nf3 Nc6 3. d4 exd4 4. Bc4 Nf6 5. e5 Ne4 6. Bd5 Nc5 7. Bg5 Be7 8.
Bxe7 Qxe7 9. O-O O-O 10. Re1 Ne6 11. Bxe6 dxe6 12. Nxd4 Bd7 13. Nc3 Rfd8 14.
Nxc6 Bxc6 15. Qg4 Rd2 16. Rac1 Rad8 17. Red1 Qc5 18. Qe2 Rxd1+ 19. Rxd1 Rxd1+
20. Qxd1 Kf8 21. Qe1 b5 22. Qe3 Qxe3 23. fxe3 b4 24. Ne2 Bd5 25. a3 bxa3 26.
bxa3 Ke7 27. Nc3 Kd7 28. Kf2 Kc6 29. e4 Bc4 30. Ke3 Bf1 31. Kf2 Ba6 32. Ke3 Bf1
33. Kf2 Ba6 34. Ke3 Kc5 35. Nd1 Kc4 36. g3 Bb7 37. h3 Bc6 38. h4 g6 39. g4 h6
40. g5 h5 41. Kf3 Kd4 42. Kf4 a5 43. Ne3 Bxe4 44. c3+ Kd3 45. Nd1 Bc6 0-1

[Event "Monarch Assurance Isle of Man 16th"]
[Site "Port Erin"]
[Date "2007.09.25"]
[Round "4.24"]
[White "Smokina, Karolina"]
[Black "Horner, Jeff"]
[Result "0-1"]
[WhiteElo "2205"]
[BlackElo "2344"]
[PlyCount "80"]
[EventDate "2007.09.22"]
[EventType "swiss"]
[EventRounds "9"]
[EventCountry "IOM"]

1. d4 c5 2. c3 b6 3. Nf3 Bb7 4. Bf4 Nf6 5. e3 e6 6. Bd3 Be7 7. h3 d6 8. O-O
Nbd7 9. Nbd2 O-O 10. Nc4 Ne8 11. e4 cxd4 12. cxd4 d5 13. exd5 Bxd5 14. Ne3 Bb7
15. d5 Bxd5 16. Nxd5 exd5 17. Nd4 Bc5 18. Bb5 a6 19. Bc6 Ra7 20. Ba4 Qf6 21.
Be3 Ne5 22. Bc2 Rd7 23. b3 Nd6 24. Rc1 Ne4 25. Bb1 Rdd8 26. Re1 Rfe8 27. f3 Ng3
28. Bf2 Nh5 29. b4 Bxb4 30. Rxe5 Rxe5 31. Nc6 Nf4 32. Nxe5 Qxe5 33. Bxb6 Re8
34. Bd3 Bd6 35. Qc2 d4 36. Bxh7+ Kh8 37. Be4 f5 38. Re1 Nh5 39. Qf2 Qh2+ 40.
Kf1 Ng3+ 0-1

[Event "Monarch Assurance Isle of Man 16th"]
[Site "Port Erin"]
[Date "2007.09.25"]
[Round "4.26"]
[White "Allen, Keith"]
[Black "Taylor, Peter P"]
[Result "1-0"]
[WhiteElo "2222"]
[BlackElo "2209"]
[PlyCount "80"]
[EventDate "2007.09.22"]
[EventType "swiss"]
[EventRounds "9"]
[EventCountry "IOM"]

1. d4 Nf6 2. c4 e6 3. Nc3 Bb4 4. Qc2 d5 5. cxd5 exd5 6. Bg5 c5 7. dxc5 h6 8.
Bxf6 Qxf6 9. e3 O-O 10. Bd3 Be6 11. Nge2 Nd7 12. a3 Bxc5 13. O-O Rac8 14. Rad1
Qg5 15. Qd2 Nf6 16. Nd4 Bg4 17. f3 Qe5 18. Qf2 Bd7 19. Bb1 Bxa3 20. Rfe1 Bb4
21. Rd3 Rfe8 22. g4 Bc5 23. Ba2 Bc6 24. h4 g6 25. Re2 Kg7 26. Qg2 Rcd8 27. g5
hxg5 28. hxg5 Nh5 29. Kf2 Nf4 30. exf4 Bxd4+ 31. Kg3 Qf5 32. Rxd4 Rxe2 33. Qxe2
Re8 34. Qg2 Rh8 35. Bxd5 Bd7 36. Be4 Rh3+ 37. Kf2 Qc5 38. Ke3 Rh8 39. Qd2 b5
40. b4 Qb6 1-0

[Event "Monarch Assurance Isle of Man 16th"]
[Site "Port Erin"]
[Date "2007.09.25"]
[Round "4.28"]
[White "Wright, William"]
[Black "Casper, Thomas"]
[Result "1/2-1/2"]
[WhiteElo "2186"]
[BlackElo "2421"]
[PlyCount "90"]
[EventDate "2007.09.22"]
[EventType "swiss"]
[EventRounds "9"]
[EventCountry "IOM"]

1. d4 d6 2. c4 Nf6 3. Nc3 Nbd7 4. e4 e5 5. d5 Nc5 6. Qc2 a5 7. Nf3 g6 8. Be2
Bg7 9. Bg5 h6 10. Bh4 g5 11. Bg3 Nh5 12. O-O Nf4 13. Ne1 h5 14. f3 g4 15. fxg4
hxg4 16. Nd3 Ncxd3 17. Bxd3 Bd7 18. Qf2 Qg5 19. Rad1 Qh5 20. Bc2 O-O 21. Ne2
Nxe2+ 22. Qxe2 f5 23. exf5 Bxf5 24. Bxf5 Rxf5 25. Rxf5 Qxf5 26. Rf1 Qg6 27. a4
Rf8 28. Rxf8+ Bxf8 29. Be1 b6 30. b4 axb4 31. Bxb4 Be7 32. a5 bxa5 33. Bxa5 Bd8
34. g3 Kf7 35. Kg2 Ke8 36. c5 Ke7 37. Qc4 Qf5 38. c6 Qf3+ 39. Kg1 Qe3+ 40. Kg2
Qf3+ 41. Kg1 Ke8 42. Be1 Bg5 43. Bf2 Be3 44. Bxe3 Qxe3+ 45. Kf1 Qf3+ 1/2-1/2

[Event "Monarch Assurance Isle of Man 16th"]
[Site "Port Erin"]
[Date "2007.09.25"]
[Round "4.29"]
[White "Palliser, Richard"]
[Black "Troyke, Doreen"]
[Result "1-0"]
[WhiteElo "2417"]
[BlackElo "2151"]
[PlyCount "75"]
[EventDate "2007.09.22"]
[EventType "swiss"]
[EventRounds "9"]
[EventCountry "IOM"]

1. d4 d5 2. Nf3 Nf6 3. c4 dxc4 4. e3 e6 5. Bxc4 c5 6. O-O a6 7. Bb3 Be7 8. Qe2
cxd4 9. exd4 Nc6 10. Rd1 O-O 11. Nc3 Nd5 12. Bc2 Ncb4 13. Bb1 Qc7 14. a3 Nc6
15. Qe4 Nf6 16. Qh4 g6 17. Ng5 h5 18. Nf3 Nd5 19. Qe4 Rd8 20. Ba2 Nf6 21. Qe2
b5 22. Bg5 b4 23. Ne4 Nxe4 24. Qxe4 Bb7 25. Bxe6 Kg7 26. d5 fxe6 27. dxc6 Bxc6
28. Qc4 Rd6 29. Bf4 Rxd1+ 30. Rxd1 Qb7 31. Qxe6 bxa3 32. Ne5 Be8 33. bxa3 Rd8
34. Re1 Rd6 35. Qc4 Bf6 36. Ng4 Rd4 37. Bh6+ Kh8 38. Rxe8+ 1-0

[Event "Monarch Assurance Isle of Man 16th"]
[Site "Port Erin"]
[Date "2007.09.25"]
[Round "4.30"]
[White "Bradford, Joseph"]
[Black "Noordhoek, Henk"]
[Result "1-0"]
[WhiteElo "2406"]
[BlackElo "2102"]
[PlyCount "73"]
[EventDate "2007.09.22"]
[EventType "swiss"]
[EventRounds "9"]
[EventCountry "IOM"]

1. Nf3 Nf6 2. g3 g6 3. Bg2 Bg7 4. O-O d5 5. d4 O-O 6. c4 dxc4 7. Na3 c3 8. bxc3
c5 9. e3 Nc6 10. Qe2 Bg4 11. Qb5 cxd4 12. cxd4 Qd7 13. Rb1 Rab8 14. Ne5 Nxe5
15. dxe5 Qxb5 16. Nxb5 Nd7 17. f4 Be2 18. Rf2 Bd3 19. Rb3 Nc5 20. Rc3 Bxb5 21.
Rxc5 Rfc8 22. Rfc2 Bd7 23. Ba3 Bf8 24. Rc7 Bc6 25. Rxc8 Rxc8 26. Bxc6 Rxc6 27.
Rxc6 bxc6 28. e4 e6 29. Bd6 f5 30. Kf2 fxe4 31. Ke3 Bxd6 32. exd6 Kf7 33. Kxe4
Ke8 34. Kd4 Kd8 35. Kc5 Kd7 36. g4 h6 37. h4 1-0